000 01688cam a2200337 4500
001 ABS68482
008 041109n2004 000 0 eng u
035 _a(Sirsi) u127926
100 _aSmulian, M.
245 _aIn need of more light
260 _c2004
490 _aAxis
_v58(4) September/October 2004, 18(1)
520 _aReport on the economic impact of withdrawal from development and extension of light railway systems in the wake of the transport white paper. Looks at responses to the cancellation of tram system extensions in Greater Manchester and new tramline proposals in Leeds and south Hampshire on cost grounds. Light rail has not been dealt a death blow as proposals have been submitted for two new Supertram lines to serve Sheffield and Rotherham. Tables cover light rail passenger journeys from 1996/97 to date and details of the cancelled projects. The "Future of transport" white paper is available at www.dft.gov.uk.
590 _aABS
590 _aABS
650 _aNOTTINGHAM
650 _aROTHERHAM
650 _aDOCKLANDS LIGHT RAILWAY
650 _aTYNE AND WEAR
650 _aCROYDON
650 _aTRAMWAYS
650 _aLEEDS
650 _aSHEFFIELD
650 _aLIGHT RAILWAYS
650 _aSOUTH HAMPSHIRE
650 _aMANCHESTER
690 _aTRANSPORT AND COMMUNICATIONS
856 _uhttps://www.dft.gov.uk/stellent/groups/dft_about/documents/divisionhomepage/031259.hcsp
_zView the "Future of transport" white paper on the DfT websiteƯ
856 _uhttps://www.dft.gov.uk/stellent/groups/dft_about/documents/divisionhomepage/031259.hcsp
_zView the "Future of transport" white paper on the DfT websiteƯ
942 _n0
999 _c118282
_d118282